书目信息 |
| 题名: |
西方死亡哲学
|
|
| 作者: | 段德智 著 | |
| 分册: | ||
| 出版信息: | 北京 北京大学出版社 2006 |
|
| 页数: | 295页 | |
| 开本: | 25cm | |
| 丛书名: | 生命之旅丛书 | |
| 单 册: | ||
| 中图分类: | B086 | |
| 科图分类: | ||
| 主题词: | 死亡哲学--研究--西方国家 , 死亡哲学 | |
| 电子资源: | ||
| ISBN: | 7-301-11096-0 | |
| 000 | 00821oam2 2200265 450 | |
| 001 | 012007884746 | |
| 005 | 20070522170133.07 | |
| 010 | @a7-301-11096-0@dCNY35.00 | |
| 100 | @a20070514d2006 km y0chiy0120 ea | |
| 101 | 0 | @achi |
| 102 | @aCN@b110000 | |
| 105 | @ay z 000yy | |
| 106 | @ar | |
| 200 | 1 | @a西方死亡哲学@Axi fang si wang zhe xue@f段德智著@Fduan de zhi zhu |
| 210 | @a北京@c北京大学出版社@d2006 | |
| 215 | @a295页@d25cm | |
| 225 | 2 | @a生命之旅丛书 |
| 330 | @a本书从理论层面上阐释了西方人心中的死亡之谜和西方死亡哲学的基本意涵,而后具体地考察了西方死亡哲学的历史发展进程。 | |
| 461 | 0 | @12001 @a生命之旅丛书 |
| 606 | 0 | @a死亡哲学@x研究@y西方国家 |
| 606 | 0 | @a死亡哲学 |
| 690 | @aB086@v4 | |
| 701 | 0 | @a段德智@Aduan de zhi@f(1945.1~)@4著 |
| 801 | 0 | @aCN@bRULIN@c20070522 |
| 905 | @dB086@e41@s8 | |
| 西方死亡哲学/段德智著.-北京:北京大学出版社,2006 |
| 295页;25cm.-(生命之旅丛书) |
| ISBN 7-301-11096-0:CNY35.00 |
| 本书从理论层面上阐释了西方人心中的死亡之谜和西方死亡哲学的基本意涵,而后具体地考察了西方死亡哲学的历史发展进程。 |
| ● |
| 相关链接 |
|
|
|
|
正题名:西方死亡哲学
索取号:B086/41
 
预约/预借
| 序号 | 登录号 | 条形码 | 馆藏地/架位号 | 状态 | 备注 |
| 1 | 0575445 | 205754450 | 第一样本阅览室/ [索取号:B086/41] | 在馆 | |
| 2 | 0575446 | 205754469 | 第一借阅区/ [索取号:B086/41] | 在馆 | |
| 3 | 0575447 | 205754478 | 教育系资料室/ [索取号:B086/41] | 在馆 | |
| 4 | 0575448 | 205754487 | 教育系资料室/ [索取号:B086/41] | 在馆 | |
| 5 | 0575449 | 205754496 | 教育系资料室/ [索取号:B086/41] | 在馆 | |
| 6 | 0575450 | 205754502 | 第一借阅区/ [索取号:B086/41] | 在馆 | |
| 7 | 0575451 | 205754511 | 第一借阅区/ [索取号:B086/41] | 在馆 | |
| 8 | 0575452 | 205754520 | 第一借阅区/ [索取号:B086/41] | 在馆 |